000 01150nam a2200313 a 4500
001 000108514
003 CHAP
005 20220823133638.0
008 140220s2012 mx | |sm |||||||spa|d
010 _a104976
011 _a105948
040 _cCHAP
090 _aTesis
100 1 _aJiménez Jiménez, Jorge Irán
_9125525
245 1 0 _aDesarrollo de un sistema de base de datos electrónico para trazabilidad en la agroindustria láctea
_h[En línea]
_cpor Jorge Irán Jiménez Jiménez.
260 _aChapingo, Méx. :
_bEl autor.
_c2012.
500 _aPara ver el contenido del material haga clic en la liga
502 _aTesis (Ing. Agr. Esp. en Agroindustrial) -- UACH. Departamento de Ingeniería Agroindustrial
590 _aBATCH-UPD
_b05
_c20140324
590 _aBATCH-UPD
_b05
_c20141002
590 _aE792CSJ
_b05
_c20140220
590 _aE792CSJ
_b05
_c20140220
650 1 4 _aIndustria lechera
_xAutomatización.
_9125523
650 1 4 _aIndustria lechera
_xControl de calidad.
_9125524
856 _aFinding aid
_uhttp://10.13.5.2/tesis/sist108514.pdf
_zTeclea aquí
901 _aBK
942 _cTESIS
_2ddc
942 _n0
_2ddc
999 _c104976
_d104976